Online Public Access Catalogue

High Risk Pregnancy: (Record no. 7425)

MARC details
000 -LEADER
fixed length control field 00431nam a2200157Ia 4500
020 ## - INTERNATIONAL STANDARD BOOK NUMBER
International Standard Book Number 9781416059080
082 ## - DEWEY DECIMAL CLASSIFICATION NUMBER
Classification number 618.3
Author Mark HIG
100 ## - MAIN ENTRY--PERSONAL NAME
Author Name James, David K. (ed)
245 #0 - TITLE STATEMENT
Title High Risk Pregnancy:
Subtitle Management Optiobns/ Vol-2
250 ## - EDITION STATEMENT
Edition statement 4th
260 ## - PUBLICATION, DISTRIBUTION, ETC.
Place of publication, distribution, etc. London
Name of publisher, distributor, etc. W.B. Saunders
Date of publication, distribution, etc. 2011
300 ## - PHYSICAL DESCRIPTION
No of Pages 1449p;
illustrations ill;
Dimensions 26cm.
490 ## - Volume Statement
Volume Vol-2
650 ## - SUBJECT ADDED ENTRY--TOPICAL TERM
Subject Pregnancy complications
Keywords Prenatal
-- Infection
-- Imdc
942 ## - ADDED ENTRY ELEMENTS (KOHA)
Koha item type Books
Source of classification or shelving scheme
Holdings
Item status Home library Current library Shelving location Date acquired Total Checkouts Full call number Barcode Date last seen Koha item type
  Islamabad Medical and Dental College Islamabad Medical and Dental College Islamabad Medical and Dental College 16/03/2018   618.3 HIG 9186 16/03/2018 Books
  Islamabad Medical and Dental College Islamabad Medical and Dental College Islamabad Medical and Dental College 16/03/2018   618.3 HIG 9187 16/03/2018 Books

Copyright @ IMDC Library
Islamabad Medical and Dental College
Bhara Kahu, Islamabad

  Contact the Librarian, IMDC
  Email:: library@imdcollege.edu.pk

  OPAC Customized by
  Mazhar Hussain,
  Librarian:
  Islamabad Medical and Dental College
  Email:: library@imdcollege.edu.pk